मळभ (Record no. 432996)

MARC details
000 -LEADER
fixed length control field 00443nam a2200169Ia 4500
008 - FIXED-LENGTH DATA ELEMENTS--GENERAL INFORMATION
fixed length control field 100122s9999 xx 000 0 und d
082 ## - DEWEY DECIMAL CLASSIFICATION NUMBER
Item number 56589
Classification number 823.08
100 ## - MAIN ENTRY--PERSONAL NAME
Personal name मुजावर बशीर
245 ## - TITLE STATEMENT
Title मळभ
260 ## - PUBLICATION, DISTRIBUTION, ETC. (IMPRINT)
Name of publisher, distributor, etc साहेबजी प्रकाशन
Date of publication, distribution, etc 1997
300 ## - PHYSICAL DESCRIPTION
Extent 203
520 ## - SUMMARY, ETC.
Summary, etc गूढकथा
620 ## -
-- गूढकथा
630 ## - SUBJECT ADDED ENTRY--UNIFORM TITLE
Uniform title मळभ
730 ## - ADDED ENTRY--UNIFORM TITLE
Uniform title मळभ
942 ## - ADDED ENTRY ELEMENTS (KOHA)
Koha item type Book
Holdings
Withdrawn status Lost status Damaged status Not for loan Home library Current library Date acquired Cost, normal purchase price Total Checkouts Full call number Barcode Date last seen Cost, replacement price Price effective from Koha item type Public note
        S.V. Pathak Library, Vile Parle S.V. Pathak Library, Vile Parle 09/12/1999 120.00   56589 SVPPARLE-56589 01/25/2010 120.00 01/25/2010 Book General NA